Načítá se...

Physiology /

Podrobná bibliografie
Hlavní autor: Berne, Robert M.
Další autoři: Levy, Matthew. N.
Médium: Printed Book
Jazyk:English
Vydáno: St. Louis : Mosby yearbook Inc., 1993.
Vydání:3rd ed.
Témata:
LEADER 00595nam a2200169Ia 4500
008 160121b xxu||||| |||| 00| 0 eng d
999 |c 123769  |d 123769 
020 |a 9780801672408 
082 |a 612  |2 23 
100 |a Berne, Robert M. 
245 |a Physiology /  |c  Robert M. Berne and Matthew. N. Levy 
250 |a 3rd ed. 
260 |a St. Louis :  |b Mosby yearbook Inc.,  |c 1993. 
653 |a Human physiology 
700 |a Levy, Matthew. N. 
942 |c BK 
952 |0 0  |1 0  |4 0  |6 612_000000000000000_BER_P  |7 0  |9 136996  |a LIF  |b LIF  |c ST1  |d 2009-08-02  |i 1618  |l 11  |m 5  |o 612 BER/P  |p LIF1618  |r 2019-03-01  |s 2018-11-13  |w 2009-08-02  |y BK